Normal view MARC view

Entry Topical Term

Number of records used in: 1

001 - CONTROL NUMBER

  • control field: 726669

003 - CONTROL NUMBER IDENTIFIER

  • control field: OSt

005 - DATE AND TIME OF LATEST TRANSACTION

  • control field: 20241129105935.0

008 - FIXED-LENGTH DATA ELEMENTS

  • fixed length control field: 241129|| aca||aabn | a|a d

040 ## - CATALOGING SOURCE

  • Original cataloging agency: OSt
  • Transcribing agency: OSt

150 ## - HEADING--TOPICAL TERM

  • Topical term or geographic name entry element: SociologyAgriculture

670 ## - SOURCE DATA FOUND

  • Source citation: Work cat.: (OSt)1226684: त्रिपाठी, अरूण कुमार, संपा. 158532, संकट में खेती: आन्दोलन पर किसान, 2022
Copyright @ Delhi University Library System